[Event "II Festival A"]
[Site "Letojanni ITA"]
[Date "2002.12.27"]
[Round "7"]
[White "Bondielli, Giorgio"]
[Black "Marano, Salvatore"]
[Result "1/2-1/2"]
[WhiteElo "2006"]
[BlackElo "1827"]
[PlyCount "51"]
[EventDate "2002.12.21"]

1. e4 e5 2. Nf3 d5 3. Nxe5 Bd6 4. d4 dxe4 5. Nc3 Bxe5 6. dxe5 Qxd1+ 7. Nxd1 Nc6
8. Bb5 Bd7 9. Bf4 O-O-O 10. Nc3 Nge7 11. O-O-O Ng6 12. Bg3 h5 13. h3 h4 14. Bh2
a6 15. Ba4 Ngxe5 16. Nxe4 Bf5 17. Nc5 Rhe8 18. Rxd8+ Rxd8 19. Re1 f6 20. f4 Nd7
21. Nxa6 Nd4 22. Bxd7+ Kxd7 23. Nc5+ Kc6 24. Nd3 Nxc2 25. Kxc2 Rxd3 26. Kc1
1/2-1/2

[Event "II Festival A"]
[Site "Letojanni ITA"]
[Date "2002.12.27"]
[Round "7"]
[White "Cappadona, Salvatore"]
[Black "Chilingirova, Pavlina"]
[Result "0-1"]
[WhiteElo "2192"]
[BlackElo "2216"]
[PlyCount "114"]
[EventDate "2002.12.21"]

1. Nf3 c5 2. b3 Nf6 3. Bb2 g6 4. c4 Bg7 5. g3 Nc6 6. Bg2 O-O 7. O-O d6 8. Nc3
e5 9. d3 h6 10. Qd2 Be6 11. Ne1 d5 12. cxd5 Nxd5 13. Ne4 b6 14. Rd1 Rc8 15. Nc2
Nd4 16. Nc3 Nxc3 17. Bxc3 Bd5 18. Ne3 Bxg2 19. Nxg2 Qe7 20. f3 Rfd8 21. Kh1 h5
22. Qb2 Nb5 23. e4 Rd7 24. Ne3 Nc7 25. b4 Rcd8 26. Nc4 f6 27. bxc5 Qxc5 28. Bb4
Qc6 29. Qb3 Kh7 30. a4 Bh6 31. Nb2 Ne6 32. Qc4 Qxc4 33. dxc4 Bd2 34. Ba3 Rd4
35. Be7 R8d7 36. Bxf6 Bc3 37. Rxd4 exd4 38. Nd3 Rc7 39. Ne5 Nc5 40. Bd8 Rc8 41.
Be7 d3 42. f4 Bxe5 43. Bxc5 Bc3 44. Be3 d2 45. Kg2 Rxc4 46. Kf3 Rxa4 47. Rd1
Ra2 48. Ke2 b5 49. Bxd2 b4 50. Kd3 Ra3 51. Rc1 Bb2+ 52. Kc2 Bxc1 53. Kxc1 a5
54. Kb2 Rd3 55. Kc2 Rd4 56. e5 a4 57. e6 Kg8 0-1

[Event "II Festival A"]
[Site "Letojanni ITA"]
[Date "2002.12.27"]
[Round "7"]
[White "De Propris, Gabriele"]
[Black "Motzer, Heinrich"]
[Result "0-1"]
[WhiteElo "1719"]
[BlackElo "2044"]
[PlyCount "96"]
[EventDate "2002.12.21"]

1. e4 d5 2. exd5 Qxd5 3. Nc3 Qa5 4. d4 c6 5. Nf3 Nf6 6. Bd3 Bg4 7. h3 Bh5 8. g4
Bg6 9. Ne5 Bxd3 10. Qxd3 e6 11. Bd2 Nbd7 12. f4 Bb4 13. Nc4 Qc7 14. Rf1 O-O-O
15. Qf3 Nb6 16. Nxb6+ Qxb6 17. O-O-O Rxd4 18. a3 Be7 19. f5 Rhd8 20. fxe6 fxe6
21. Qe2 c5 22. g5 Nd5 23. Ne4 c4 24. h4 Qa6 25. c3 Rd3 26. Nf2 Bxa3 27. Nxd3
cxd3 28. Qh2 Bd6 29. Bf4 Qa1+ 30. Kd2 Qxb2+ 31. Ke1 Qxh2 32. Bxh2 Bxh2 33. Rxd3
Be5 34. Rff3 Bxc3+ 35. Kf2 g6 36. Rf7 Rd7 37. Rf8+ Kc7 38. Ra8 a6 39. Rf8 b5
40. Re8 Kd6 41. Ra8 a5 42. Ra6+ Ke7 43. Rc6 Bb4 44. Kg1 a4 45. Ra6 Bc5+ 46. Kh2
Nb4 47. Rxd7+ Kxd7 48. Ra5 Kc6 0-1

[Event "II Festival A"]
[Site "Letojanni ITA"]
[Date "2002.12.27"]
[Round "7"]
[White "Hocevar, Nikola"]
[Black "Antoniacci, Riccardo"]
[Result "1/2-1/2"]
[WhiteElo "2100"]
[BlackElo "1927"]
[PlyCount "129"]
[EventDate "2002.12.21"]

1. c4 e5 2. Nc3 d6 3. Nf3 f5 4. d3 Nf6 5. g3 g6 6. Bg2 Bg7 7. Bd2 O-O 8. e4 Kh8
9. O-O Nc6 10. Qc1 fxe4 11. dxe4 Bg4 12. h3 Bxf3 13. Bxf3 Nd4 14. Bd1 Qd7 15.
Kg2 Qc6 16. f3 Qxc4 17. Nd5 Qxc1 18. Rxc1 c5 19. a4 Rf7 20. Be3 Nxd5 21. exd5
Raf8 22. Rf2 Nf5 23. Bd2 e4 24. Bf4 exf3+ 25. Kh2 Bh6 26. Bxh6 Nxh6 27. g4 Ng8
28. Rc3 g5 29. Re3 Re7 30. Re6 Rf6 31. Bxf3 Rexe6 32. dxe6 b6 33. Kg2 Ne7 34.
Re2 Kg7 35. Re3 Kf8 36. a5 b5 37. b3 b4 38. Kg3 Rf4 39. Be4 h6 40. h4 Rf1 41.
hxg5 hxg5 42. Rd3 Rf4 43. Bb7 Rd4 44. Rxd4 cxd4 45. Kf3 d5 46. Ke2 Kg7 47. Kd3
Kf6 48. Kxd4 Kxe6 49. Kc5 Ke5 50. Ba6 Kf4 51. Kxb4 Ke3 52. Kc5 d4 53. b4 d3 54.
Bxd3 Kxd3 55. Kd6 Nc8+ 56. Ke6 Kc4 57. Kf6 Kxb4 58. Kxg5 Kc5 59. Kf6 Kd6 60. g5
Ne7 61. g6 Nxg6 62. Kxg6 Kc5 63. Kf5 Kb5 64. Ke4 Kxa5 65. Kd3 1/2-1/2

[Event "II Festival A"]
[Site "Letojanni ITA"]
[Date "2002.12.27"]
[Round "7"]
[White "Ortega, Lexy"]
[Black "Messina, Elia"]
[Result "1-0"]
[WhiteElo "2452"]
[BlackElo "2147"]
[PlyCount "49"]
[EventDate "2002.12.21"]

1. d4 d5 2. Nf3 e6 3. c4 c6 4. Qc2 Nf6 5. Bg5 Be7 6. Nbd2 Nbd7 7. e3 h6 8. Bh4
O-O 9. Be2 Re8 10. O-O a5 11. Bg3 Bb4 12. a3 Bxd2 13. Nxd2 e5 14. cxd5 Nxd5 15.
Nc4 exd4 16. e4 N5b6 17. Nd6 Rf8 18. Rad1 Qf6 19. Nf5 Ne5 20. Nxd4 Be6 21. f4
Ng4 22. e5 Qe7 23. Nxe6 Qxe6 24. f5 Ne3 25. Qd3 1-0

[Event "II Festival A"]
[Site "Letojanni ITA"]
[Date "2002.12.27"]
[Round "7"]
[White "Russo, Alfio"]
[Black "Bonetti, Carlo"]
[Result "1-0"]
[WhiteElo "1792"]
[BlackElo "1778"]
[PlyCount "71"]
[EventDate "2002.12.21"]

1. d4 e6 2. c4 Nf6 3. Nf3 b6 4. Nc3 Bb7 5. Bg5 Be7 6. e3 d6 7. Bd3 Nbd7 8. e4
e5 9. d5 a5 10. O-O h6 11. Be3 Nf8 12. Ne1 g5 13. Bc2 Ng6 14. Ba4+ Kf8 15. g3
Qc8 16. Qf3 Qh3 17. Qg2 Qh5 18. Bd1 g4 19. f4 Kg8 20. Nd3 Bc8 21. Rc1 exf4 22.
Nxf4 Nxf4 23. Rxf4 Nh7 24. Bd4 f6 25. Kh1 Qg5 26. Nb5 Bd8 27. Be2 h5 28. Rcf1
Bd7 29. Qf2 Bxb5 30. cxb5 Kg7 31. Rf5 Qg6 32. Bd3 Ng5 33. Bxf6+ Bxf6 34. Rxf6
Qe8 35. Qf5 Nh3 36. Rf7+ 1-0

[Event "II Festival A"]
[Site "Letojanni ITA"]
[Date "2002.12.27"]
[Round "7"]
[White "Santagati, Alessandro"]
[Black "Fabiano, Giuseppe"]
[Result "1-0"]
[WhiteElo "1749"]
[BlackElo "2278"]
[PlyCount "117"]
[EventDate "2002.12.21"]

1. d4 Nf6 2. Nf3 g6 3. Bf4 Bg7 4. e3 O-O 5. Be2 c5 6. c3 b6 7. Nbd2 Bb7 8. O-O
d6 9. h3 Nbd7 10. Re1 Rc8 11. a4 Re8 12. Qb3 e5 13. Bg3 e4 14. Nh2 d5 15. Ng4
Nh5 16. Bh2 f5 17. Ne5 Nxe5 18. Bxe5 Bxe5 19. Bxh5 gxh5 20. dxe5 Rxe5 21. a5
Re7 22. axb6 axb6 23. Ra7 Rg7 24. Nf1 Kh8 25. Ng3 Qg5 26. h4 Qg6 27. Qd1 Rcg8
28. Kh1 Bc6 29. Rxg7 Qxg7 30. Qxh5 d4 31. cxd4 cxd4 32. Qxf5 d3 33. Qe6 Ba8 34.
Rc1 Bb7 35. Qxb6 Rf8 36. Kg1 Rg8 37. h5 Bd5 38. h6 Qe5 39. Nh5 Rb8 40. Qf6+
Qxf6 41. Nxf6 d2 42. Rd1 Rxb2 43. Nxd5 Rc2 44. Kf1 Rc6 45. Rxd2 Rxh6 46. Nc3
Rh1+ 47. Ke2 Rh2 48. g3 h5 49. Nxe4 h4 50. gxh4 Rxh4 51. Ng3 Rh6 52. Rd5 Rf6
53. e4 Re6 54. Kf3 Ra6 55. e5 Ra4 56. e6 Kg8 57. Rd8+ Kg7 58. e7 Kh6 59. e8=Q
1-0

[Event "II Festival A"]
[Site "Letojanni ITA"]
[Date "2002.12.27"]
[Round "7"]
[White "Trabert, Bettina"]
[Black "Gangemi, Salvatore"]
[Result "1-0"]
[WhiteElo "2319"]
[BlackElo "2049"]
[PlyCount "51"]
[EventDate "2002.12.21"]

1. e4 e6 2. d4 d5 3. Nd2 Nf6 4. e5 Nfd7 5. c3 c5 6. Bd3 Nc6 7. Ne2 Qb6 8. Nf3
Be7 9. O-O Qd8 10. Nf4 h5 11. Ne1 cxd4 12. cxd4 Qb6 13. Nc2 Nb4 14. Nxb4 Qxb4
15. Bc2 h4 16. a3 Qc4 17. Bd3 Qc7 18. Qg4 g5 19. Nh5 Nxe5 20. dxe5 Qxe5 21. Be3
f5 22. Bd4 Qd6 23. Qe2 Rh6 24. Rac1 b6 25. Be5 Qd8 26. Bc7 1-0

[Event "II Festival A"]
[Site "Letojanni ITA"]
[Date "2002.12.27"]
[Round "7"]
[White "Tuttobene, Sergio"]
[Black "Pircher, Karl"]
[Result "1/2-1/2"]
[WhiteElo "2113"]
[BlackElo "2058"]
[PlyCount "24"]
[EventDate "2002.12.21"]

1. e4 e6 2. d3 d5 3. Nd2 Nf6 4. Ngf3 c5 5. g3 Nc6 6. Bg2 Be7 7. O-O b6 8. Re1
Bb7 9. e5 Nd7 10. c3 Qc7 11. Qe2 g5 12. h3 h5 1/2-1/2

[Event "II Festival A"]
[Site "Letojanni ITA"]
[Date "2002.12.27"]
[Round "7"]
[White "Valenti, Giuseppe"]
[Black "Rotstein, Arkadij"]
[Result "0-1"]
[WhiteElo "2230"]
[BlackElo "2544"]
[PlyCount "111"]
[EventDate "2002.12.21"]

1. e4 c5 2. Nf3 e6 3. d4 cxd4 4. Nxd4 a6 5. Nc3 b5 6. Bd3 Qb6 7. Be3 Bc5 8. e5
Bxd4 9. Qg4 Nc6 10. Qxg7 Bxe5 11. Qxe5 Nxe5 12. Bxb6 d5 13. Bd4 f6 14. Be2 Kf7
15. O-O-O Ne7 16. Bh5+ N5g6 17. f4 Nf5 18. Bf2 Ng7 19. Bxg6+ hxg6 20. h3 Bb7
21. Ne4 Bc6 22. Nd6+ Kg8 23. Rhe1 Kh7 24. Bb6 a5 25. a3 b4 26. axb4 axb4 27.
Rd4 b3 28. cxb3 Rhb8 29. Rb4 d4 30. Bc5 Rxb4 31. Bxb4 Bxg2 32. Kc2 Rb8 33. Bc5
d3+ 34. Kc3 Rd8 35. Nc4 Nh5 36. Rxe6 Nxf4 37. Re7+ Kh6 38. Kd2 Nxh3 39. Nd6 Kh5
40. Kxd3 f5 41. b4 f4 42. Kc3 Ng5 43. Re5 Rd7 44. Ne8 Rf7 45. Be7 Rxe7 46. Rxe7
f3 47. Nf6+ Kh4 48. Nd5 f2 49. Ne3 Kg3 50. b5 Ne4+ 51. Kd4 Nd6 52. Re5 Bf3 53.
Rc5 Kf4 54. Nf1 Be2 55. Nh2 Nxb5+ 56. Kd5 0-1

[Event "II Festival A"]
[Site "Letojanni ITA"]
[Date "2002.12.28"]
[Round "8"]
[White "Bonetti, Carlo"]
[Black "De Propris, Gabriele"]
[Result "0-1"]
[WhiteElo "1778"]
[BlackElo "1719"]
[PlyCount "98"]
[EventDate "2002.12.21"]

1. e4 c5 2. d3 Nc6 3. c3 e6 4. Nf3 d5 5. Nbd2 Bd6 6. Be2 Nge7 7. O-O O-O 8. Re1
f5 9. Bf1 fxe4 10. dxe4 Qc7 11. Qe2 Ng6 12. g3 a6 13. a4 d4 14. Bg2 e5 15. Ng5
Rf6 16. Bh3 Bxh3 17. Nxh3 Raf8 18. Kg2 Qd7 19. Rf1 Be7 20. Nc4 Rf3 21. Ng1 R3f7
22. Nb6 Qe6 23. Nd5 Na5 24. Ra3 c4 25. Nxe7+ Rxe7 26. Nf3 d3 27. Qd1 h6 28. Be3
Qc6 29. Nd2 Nb3 30. Nxc4 Qxe4+ 31. f3 Qxc4 32. Qxb3 Qxb3 33. Rxb3 e4 34. Bc5 e3
35. Bxe7 Nxe7 36. Rxb7 Re8 37. Rd7 d2 38. Rb1 Nc6 39. Rd3 Na5 40. b3 Kh7 41.
Rxe3 Rxe3 42. Kf2 Rxc3 43. b4 Nb3 44. Rd1 Rc1 45. Ke2 Kg6 46. b5 axb5 47. axb5
Nd4+ 48. Kxd2 Rxd1+ 49. Kxd1 Nxb5 0-1

[Event "II Festival A"]
[Site "Letojanni ITA"]
[Date "2002.12.28"]
[Round "8"]
[White "Gangemi, Salvatore"]
[Black "Ortega, Lexy"]
[Result "0-1"]
[WhiteElo "2049"]
[BlackElo "2452"]
[PlyCount "70"]
[EventDate "2002.12.21"]

1. c4 e6 2. Nf3 d5 3. d4 dxc4 4. Qa4+ Nd7 5. e4 Ngf6 6. Nc3 a6 7. Bxc4 Rb8 8.
Bd3 b5 9. Qc2 Bb7 10. e5 Nd5 11. Nxd5 Bxd5 12. Bxh7 Bb4+ 13. Kf1 c5 14. a3 Ba5
15. Be4 Bc4+ 16. Bd3 cxd4 17. Bxc4 Rc8 18. Qe4 Rxc4 19. b3 Rc7 20. Bg5 Qc8 21.
Rd1 Nc5 22. Qb1 Bc3 23. b4 Na4 24. Nxd4 Bxd4 25. Rxd4 Rd7 26. Rxd7 Qxd7 27. Qc2
O-O 28. Qd2 Qc7 29. f4 Rc8 30. g4 Qb7 31. Rg1 Qf3+ 32. Ke1 Qe4+ 33. Kf1 Rc2 34.
Qd8+ Kh7 35. Qd1 Nc3 0-1

[Event "II Festival A"]
[Site "Letojanni ITA"]
[Date "2002.12.28"]
[Round "8"]
[White "Marano, Salvatore"]
[Black "Cappadona, Salvatore"]
[Result "0-1"]
[WhiteElo "1827"]
[BlackElo "2192"]
[PlyCount "78"]
[EventDate "2002.12.21"]

1. e4 d6 2. d4 Nf6 3. Nc3 g6 4. Be3 Bg7 5. f3 Nc6 6. Qd2 O-O 7. Nge2 a6 8. g4
e5 9. Bg2 exd4 10. Nxd4 Ne5 11. Bg5 c6 12. Rd1 Nc4 13. Qc1 Qb6 14. O-O Qxb2 15.
Qxb2 Nxb2 16. Rb1 Nc4 17. Nde2 h6 18. Bf4 g5 19. Bc1 Nd7 20. h3 Nc5 21. Nd1 Rb8
22. f4 f6 23. Ng3 Re8 24. Ne3 Be6 25. Nef5 Bxf5 26. exf5 d5 27. fxg5 hxg5 28.
Bxg5 Ne3 29. Bxe3 Rxe3 30. Rf3 Rbe8 31. Kf2 R3e5 32. g5 b5 33. h4 Ne4+ 34. Nxe4
Rxe4 35. h5 Re2+ 36. Kf1 Rxc2 37. Rg3 fxg5 38. Rxg5 Kf7 39. a3 Bd4 0-1

[Event "II Festival A"]
[Site "Letojanni ITA"]
[Date "2002.12.28"]
[Round "8"]
[White "Messina, Elia"]
[Black "Chilingirova, Pavlina"]
[Result "1-0"]
[WhiteElo "2147"]
[BlackElo "2216"]
[PlyCount "131"]
[EventDate "2002.12.21"]

1. e4 c5 2. Nf3 d6 3. d4 cxd4 4. Nxd4 Nf6 5. Nc3 a6 6. a4 Nc6 7. Be2 e6 8. Be3
Be7 9. O-O Qc7 10. Kh1 O-O 11. f4 Nxd4 12. Bxd4 e5 13. Be3 exf4 14. Bxf4 Be6
15. Qe1 Nd7 16. Qg3 Ne5 17. Rad1 Rad8 18. h3 Rfe8 19. Bd3 Bf8 20. Bg5 Rc8 21.
Bf6 g6 22. Qh4 Nd7 23. Bd4 Ne5 24. Be3 Bg7 25. Bh6 Qe7 26. Bg5 Qf8 27. Qg3 Nd7
28. Qe3 Be5 29. Bh6 Qe7 30. Bg5 f6 31. Bf4 Bxf4 32. Qxf4 Kg7 33. Ne2 Nc5 34. b3
Nxd3 35. Rxd3 Rxc2 36. Nd4 Rc7 37. Nxe6+ Qxe6 38. Rxd6 Qe5 39. Rxf6 Qxf4 40.
R6xf4 Rd8 41. R4f3 Rd2 42. R1f2 Rc1+ 43. Kh2 Rd7 44. Re2 h5 45. h4 Re7 46. Rd3
Rf1 47. Kg3 Rff7 48. e5 Rf5 49. Re4 Kh6 50. e6 Kg7 51. Rd6 Kf6 52. Rb6 Re5 53.
Rf4+ Rf5 54. Rfb4 Rxe6 55. Rxe6+ Kxe6 56. Rxb7 Rd5 57. Rb6+ Kf5 58. Kh2 Rd3 59.
b4 Rb3 60. b5 a5 61. Ra6 Rb4 62. Rxa5 Rxh4+ 63. Kg1 Rb4 64. b6+ Kg4 65. Rb5
Rxa4 66. b7 1-0

[Event "II Festival A"]
[Site "Letojanni ITA"]
[Date "2002.12.28"]
[Round "8"]
[White "Motzer, Heinrich"]
[Black "Antoniacci, Riccardo"]
[Result "1-0"]
[WhiteElo "2044"]
[BlackElo "1927"]
[PlyCount "87"]
[EventDate "2002.12.21"]

1. c4 e5 2. Nc3 d6 3. d3 f5 4. g3 Nf6 5. Bg2 g6 6. Nf3 Bg7 7. O-O O-O 8. Rb1 a5
9. a3 Nc6 10. b4 axb4 11. axb4 e4 12. dxe4 fxe4 13. Ng5 h6 14. Ngxe4 Nxe4 15.
Nxe4 Bf5 16. b5 Ne5 17. Bb2 Qe7 18. Qb3 Kh7 19. Ra1 Rxa1 20. Bxa1 Be6 21. Nd2
b6 22. Bc3 Qf7 23. Bd5 Qf5 24. e4 Nf3+ 25. Nxf3 Qxf3 26. Bxe6 Bxc3 27. Bh3 Qf6
28. f3 Bd4+ 29. Kh1 Ra8 30. f4 Bc5 31. Qc2 Ra3 32. e5 dxe5 33. fxe5 Qxe5 34.
Rf7+ Kh8 35. Qxg6 Ra1+ 36. Bf1 Rxf1+ 37. Rxf1 Qe3 38. Qf6+ Kh7 39. Qf5+ Kh8 40.
Ra1 Kg7 41. Rf1 Qe2 42. Qf6+ Kh7 43. Qf3 Qxc4 44. Qf7+ 1-0

[Event "II Festival A"]
[Site "Letojanni ITA"]
[Date "2002.12.28"]
[Round "8"]
[White "Pircher, Karl"]
[Black "Bondielli, Giorgio"]
[Result "1/2-1/2"]
[WhiteElo "2058"]
[BlackElo "2006"]
[PlyCount "21"]
[EventDate "2002.12.21"]

1. d4 f5 2. g3 g6 3. Bg2 Bg7 4. Nf3 Nf6 5. O-O O-O 6. c4 d6 7. Nc3 c6 8. d5 e5
9. dxe6 Bxe6 10. Qd3 Na6 11. Bf4 1/2-1/2

[Event "II Festival A"]
[Site "Letojanni ITA"]
[Date "2002.12.28"]
[Round "8"]
[White "Rotstein, Arkadij"]
[Black "Santagati, Alessandro"]
[Result "1-0"]
[WhiteElo "2544"]
[BlackElo "1749"]
[PlyCount "67"]
[EventDate "2002.12.21"]

1. c4 Nf6 2. Nf3 e6 3. Nc3 d5 4. d4 Nbd7 5. Bg5 Be7 6. e3 c6 7. Qc2 O-O 8. Rd1
Re8 9. a3 a5 10. Bd3 dxc4 11. Bxc4 b5 12. Bd3 Ba6 13. Ne5 Nxe5 14. dxe5 Nd5 15.
Bxh7+ Kh8 16. Bxe7 Qxe7 17. Bd3 b4 18. Nxd5 cxd5 19. Bxa6 Rxa6 20. a4 Qb7 21.
O-O Rc8 22. Qe2 Qc6 23. Qh5+ Kg8 24. Rd4 Kf8 25. Qh8+ Ke7 26. Qxg7 Rf8 27. f4
Qxa4 28. f5 Qb3 29. Qg5+ f6 30. exf6+ Rxf6 31. Rh4 exf5 32. Rh7+ Ke6 33. e4
Qxb2 34. Qg8+ 1-0

[Event "II Festival A"]
[Site "Letojanni ITA"]
[Date "2002.12.28"]
[Round "8"]
[White "Trabert, Bettina"]
[Black "Valenti, Giuseppe"]
[Result "1/2-1/2"]
[WhiteElo "2319"]
[BlackElo "2230"]
[PlyCount "116"]
[EventDate "2002.12.21"]

1. e4 c5 2. Nf3 e6 3. d4 cxd4 4. Nxd4 a6 5. Bd3 Bc5 6. Nb3 Be7 7. c4 d6 8. Nc3
Nf6 9. O-O Nc6 10. Be3 b6 11. f4 Rb8 12. Qe2 O-O 13. Rad1 Qc7 14. Qf3 Re8 15.
Rc1 Qd8 16. Rcd1 Qc7 17. Qh3 g6 18. Qf3 Nd7 19. Qf2 Nc5 20. Nxc5 bxc5 21. b3 f5
22. exf5 gxf5 23. Ne2 Bb7 24. Bd2 Bf6 25. Bc3 Bxc3 26. Nxc3 Qg7 27. Ne2 Rf8 28.
Bb1 Rbd8 29. Rd3 Rf6 30. Rg3 Rg6 31. Rd1 Kf7 32. Rxg6 Qxg6 33. Rd3 Qf6 34. Rh3
h6 35. Rd3 Qb2 36. Rd1 Rg8 37. g3 Nb4 38. Qe1 a5 39. Rd2 Qa1 40. Rxd6 Ke7 41.
Rd1 Qb2 42. Qd2 Qxd2 43. Rxd2 h5 44. a3 Nc6 45. Kf2 h4 46. Rd3 Rh8 47. h3 hxg3+
48. Rxg3 Kf6 49. Ke3 Rh4 50. Bc2 e5 51. fxe5+ Kxe5 52. Kf2 a4 53. Re3+ Kf6 54.
Kg3 Rh8 55. bxa4 Rg8+ 56. Kf4 Rg2 57. Re8 Kf7 58. Re3 Kf6 1/2-1/2

[Event "II Festival A"]
[Site "Letojanni ITA"]
[Date "2002.12.29"]
[Round "9"]
[White "Antoniacci, Riccardo"]
[Black "Alibrandi, Alfredo"]
[Result "1-0"]
[WhiteElo "1927"]
[BlackElo "1693"]
[PlyCount "37"]
[EventDate "2002.12.21"]

1. e4 g6 2. d4 Bg7 3. Be3 c6 4. f4 d5 5. e5 h5 6. c4 Bg4 7. Qb3 Qd7 8. Nc3 Be6
9. Nf3 dxc4 10. Bxc4 Bxc4 11. Qxc4 e6 12. Ne4 Na6 13. Nd6+ Kf8 14. Ng5 Nh6 15.
Bd2 Kg8 16. h3 h4 17. Qb3 Bf8 18. Nge4 Bxd6 19. Nf6+ 1-0

[Event "II Festival A"]
[Site "Letojanni ITA"]
[Date "2002.12.29"]
[Round "9"]
[White "Bonetti, Carlo"]
[Black "Marano, Salvatore"]
[Result "0-1"]
[WhiteElo "1778"]
[BlackElo "1827"]
[PlyCount "92"]
[EventDate "2002.12.21"]

1. e4 e5 2. Nf3 d5 3. Nxe5 Bd6 4. d4 dxe4 5. Ng4 f5 6. Ne3 Nf6 7. Bc4 c6 8. g3
Qe7 9. Nc3 b5 10. Bb3 b4 11. Ne2 Na6 12. h4 Nc7 13. Nc4 Be6 14. Nxd6+ Qxd6 15.
Nf4 Bxb3 16. axb3 O-O 17. c4 bxc3 18. bxc3 Nb5 19. Qc2 c5 20. O-O cxd4 21. cxd4
Rfc8 22. Qd1 Nxd4 23. Bb2 Nf3+ 24. Kg2 Nxh4+ 25. Kh3 Qxd1 26. Rfxd1 Nf3 27.
Bxf6 gxf6 28. Rd7 Rc2 29. Kg2 Ne5 30. Rdxa7 Rxa7 31. Rxa7 e3 32. Kf1 Rxf2+ 33.
Ke1 Nf3+ 34. Kd1 Rd2+ 35. Kc1 e2 36. Ra8+ Kf7 37. Ra7+ Kg8 38. Ra8+ Kg7 39.
Ra7+ Kh6 40. Nxe2 Rxe2 41. b4 f4 42. gxf4 Re4 43. b5 Rxf4 44. b6 Rb4 45. b7 Nd4
46. Ra4 Nb3+ 0-1

[Event "II Festival A"]
[Site "Letojanni ITA"]
[Date "2002.12.29"]
[Round "9"]
[White "Chilingirova, Pavlina"]
[Black "Bondielli, Giorgio"]
[Result "1-0"]
[WhiteElo "2216"]
[BlackElo "2006"]
[PlyCount "61"]
[EventDate "2002.12.21"]

1. c4 e5 2. d3 f5 3. Nc3 Nf6 4. Nf3 d6 5. e3 Be7 6. g3 O-O 7. Bg2 c6 8. O-O Qe8
9. b3 Qh5 10. Ne1 Qh6 11. f4 Be6 12. Nf3 Nbd7 13. Qd2 Rad8 14. Bb2 d5 15. cxd5
cxd5 16. fxe5 Ng4 17. Nd1 Qg6 18. d4 Rc8 19. Rc1 Nb6 20. Nf2 Bd7 21. Rxc8 Rxc8
22. Rc1 Rxc1+ 23. Bxc1 Nxf2 24. Kxf2 Qc6 25. Ne1 Qh6 26. Kg1 Bc6 27. Nd3 Qh5
28. a4 a5 29. Nf4 Qg4 30. Qe1 Bb4 31. Bd2 1-0

[Event "II Festival A"]
[Site "Letojanni ITA"]
[Date "2002.12.29"]
[Round "9"]
[White "De Propris, Gabriele"]
[Black "Russo, Alfio"]
[Result "1-0"]
[WhiteElo "1719"]
[BlackElo "1792"]
[PlyCount "85"]
[EventDate "2002.12.21"]

1. e4 e6 2. d4 d5 3. exd5 exd5 4. Bd3 Bd6 5. Nf3 Ne7 6. O-O O-O 7. Bg5 f6 8.
Bh4 Bf5 9. Re1 Bxd3 10. Qxd3 Ng6 11. Bg3 Bxg3 12. hxg3 c6 13. c4 dxc4 14. Qxc4+
Kh8 15. Nc3 Nd7 16. Qe6 Nb6 17. Rad1 Re8 18. Qxe8+ Qxe8 19. Rxe8+ Rxe8 20. d5
c5 21. Nb5 Rd8 22. Nxa7 Rxd5 23. Rxd5 Nxd5 24. Nb5 Kg8 25. Nd6 b6 26. Kf1 Kf8
27. Ke2 Ke7 28. Nf5+ Kf7 29. a3 Nge7 30. Nd6+ Ke6 31. Ne4 Nc6 32. Kd3 Na5 33.
Nfd2 h6 34. Nc4 f5 35. Nxc5+ bxc5 36. Nxa5 Nf6 37. Nc4 Kd5 38. Ne3+ Ke5 39. Kc4
Nd7 40. Kb5 g6 41. Kc6 Ke6 42. a4 Nf6 43. a5 1-0

[Event "II Festival A"]
[Site "Letojanni ITA"]
[Date "2002.12.29"]
[Round "9"]
[White "Gangemi, Salvatore"]
[Black "Cacciola, Alfredo"]
[Result "1-0"]
[WhiteElo "2049"]
[BlackElo "1731"]
[PlyCount "77"]
[EventDate "2002.12.21"]

1. c4 Nf6 2. g3 e6 3. Bg2 d5 4. d4 c6 5. cxd5 exd5 6. Qb3 Nbd7 7. Nf3 Bd6 8.
Bg5 h6 9. Bxf6 Nxf6 10. O-O O-O 11. Nbd2 Re8 12. e3 Qe7 13. Rfe1 Kh8 14. Qc2
Ne4 15. Nxe4 dxe4 16. Nd2 f5 17. Nc4 Bc7 18. Red1 Be6 19. Ne5 Bxe5 20. dxe5 Bd5
21. Rd4 Qxe5 22. b4 a5 23. Rb1 axb4 24. Rdxb4 Rxa2 25. Qd1 b5 26. Rd4 Bc4 27.
Qh5 Bd3 28. Rc1 Rea8 29. h4 Qe6 30. Bh3 Rf8 31. Rc5 Be2 32. Rxf5 Bxh5 33. Rxf8+
Qg8 34. Rxg8+ Kxg8 35. Be6+ Bf7 36. Rd8+ Kh7 37. Bxf7 Ra7 38. Be8 Rc7 39. h5
1-0

[Event "II Festival A"]
[Site "Letojanni ITA"]
[Date "2002.12.29"]
[Round "9"]
[White "Messina, Elia"]
[Black "Pircher, Karl"]
[Result "1-0"]
[WhiteElo "2147"]
[BlackElo "2058"]
[PlyCount "83"]
[EventDate "2002.12.21"]

1. e4 e6 2. d4 d5 3. Nc3 Nf6 4. e5 Nfd7 5. Nf3 c5 6. Bb5 Qb6 7. Bxd7+ Bxd7 8.
O-O cxd4 9. Nxd4 Nc6 10. Nxc6 bxc6 11. Qg4 c5 12. Rb1 h5 13. Qh4 Qb4 14. f4 Be7
15. Qg3 g6 16. a3 Qb7 17. h3 a5 18. b3 d4 19. Nd1 Bc6 20. Nf2 Rb8 21. Bd2 Qa7
22. a4 Rb6 23. Rbe1 Qa8 24. Nd3 Bd5 25. Nb2 O-O 26. f5 exf5 27. h4 Be6 28. Nd3
Rc8 29. Nf4 Kh7 30. Rf3 Ra6 31. Nxh5 gxh5 32. Qf4 Bf8 33. Qg5 Bd7 34. e6 Rxe6
35. Rxe6 fxe6 36. Qxh5+ Kg8 37. Rg3+ Bg7 38. Qg6 Kf8 39. Qxg7+ Ke8 40. Qf6 Bc6
41. Qxe6+ Kd8 42. Qd6+ 1-0

[Event "II Festival A"]
[Site "Letojanni ITA"]
[Date "2002.12.29"]
[Round "9"]
[White "Rotstein, Arkadij"]
[Black "Cappadona, Salvatore"]
[Result "1-0"]
[WhiteElo "2544"]
[BlackElo "2192"]
[PlyCount "126"]
[EventDate "2002.12.21"]

1. Nf3 f5 2. b3 d6 3. Bb2 e5 4. d3 Nf6 5. g3 Be7 6. Bg2 O-O 7. e3 c6 8. O-O Na6
9. Nbd2 Nc7 10. c4 Ne6 11. Qc2 Qe8 12. b4 b6 13. Nh4 Ng4 14. h3 Nh6 15. Nhf3
Bd7 16. Nh2 Rc8 17. Nb3 Bf6 18. Qe2 Qg6 19. Rad1 Rce8 20. Kh1 Kh8 21. Rg1 Nf7
22. Bf3 Qh6 23. Bg2 Neg5 24. Qf1 f4 25. h4 f3 26. Bxf3 Nxf3 27. Nxf3 Bg4 28.
Nh2 Bxd1 29. Qxd1 Qg6 30. e4 Nd8 31. Bc1 Qf7 32. Be3 d5 33. Nd2 d4 34. Bg5 Bxg5
35. hxg5 Qxf2 36. Ng4 Qf7 37. Kg2 Qe7 38. Nf3 Qxb4 39. Rh1 Qb2+ 40. Kg1 Rxf3
41. Qxf3 Qc1+ 42. Kg2 Qd2+ 43. Nf2 Qxg5 44. Rh5 Qe7 45. Ng4 Nf7 46. Rf5 Kg8 47.
Qf1 b5 48. cxb5 cxb5 49. Qb1 a6 50. Qb3 Qe6 51. Qa3 h5 52. Nh2 g6 53. Rf2 g5
54. Qb3 Qxb3 55. axb3 Rc8 56. Rf6 Kg7 57. Rxa6 Rc2+ 58. Kh1 Rb2 59. Ra7 Kg6 60.
Re7 Rxb3 61. Rxe5 Rb1+ 62. Kg2 Rb2+ 63. Kh1 Rxh2+ 1-0

[Event "II Festival A"]
[Site "Letojanni ITA"]
[Date "2002.12.29"]
[Round "9"]
[White "Santagati, Alessandro"]
[Black "Valenti, Giuseppe"]
[Result "1/2-1/2"]
[WhiteElo "1749"]
[BlackElo "2230"]
[PlyCount "80"]
[EventDate "2002.12.21"]

1. d4 Nf6 2. Nf3 e6 3. Bg5 c5 4. e3 Be7 5. c4 h6 6. Bxf6 Bxf6 7. Nc3 Qa5 8. Qd2
cxd4 9. exd4 Nc6 10. Be2 d5 11. c5 b6 12. b4 Nxb4 13. Rb1 Bd7 14. O-O O-O 15.
a3 Na6 16. Nxd5 Qxd2 17. Nxf6+ gxf6 18. Nxd2 Nc7 19. cxb6 axb6 20. Rxb6 Rxa3
21. Rb7 Rc8 22. Bf3 Kg7 23. Nc4 Rc3 24. Nb6 Rd8 25. Nxd7 Rxd7 26. Rd1 Rd8 27.
h3 f5 28. Rb4 Kf6 29. Rb2 Rc4 30. Rbd2 Rd6 31. Be2 Rb4 32. g3 f4 33. Rd3 fxg3
34. fxg3 Ke7 35. R1d2 Nb5 36. d5 e5 37. Re3 Kf6 38. Bxb5 Rxb5 39. Rf2+ Kg6 40.
Rxe5 Rbxd5 1/2-1/2

[Event "II Festival A"]
[Site "Letojanni ITA"]
[Date "2002.12.29"]
[Round "9"]
[White "Tuttobene, Sergio"]
[Black "Trabert, Bettina"]
[Result "0-1"]
[WhiteElo "2113"]
[BlackElo "2319"]
[PlyCount "22"]
[EventDate "2002.12.21"]

1. Nf3 d5 2. d4 c6 3. Nbd2 Nf6 4. e3 Bf5 5. Bd3 Bg6 6. Ne5 e6 7. O-O Nbd7 8.
Nxg6 hxg6 9. e4 dxe4 10. Nxe4 Nxe4 11. Bxe4 Qh4 0-1